书目信息 |
| 题名: |
满意容错控制
|
|
| 作者: | 张登峰 , 王执铨,韩笑冬 著 | |
| 分册: | ||
| 出版信息: | 北京 科学出版社 2014.03 |
|
| 页数: | 239页 | |
| 开本: | 24cm | |
| 丛书名: | ||
| 单 册: | ||
| 中图分类: | TP302.8 | |
| 科图分类: | ||
| 主题词: | 容错技术 , 容错技术--研究 | |
| 电子资源: | ||
| ISBN: | 978-7-03-039753-9 | |
| 000 | 01198nam0 2200313 450 | |
| 001 | 0100140512 | |
| 005 | 20141020221244.0 | |
| 010 | @a978-7-03-039753-9@dCNY79.00 | |
| 100 | @a20140514d2014 em y0chiy50 ea | |
| 101 | 0 | @achi |
| 101 | 11 | @achi |
| 102 | @aCN@b110000 | |
| 105 | @ay z 000yy | |
| 106 | @ar | |
| 200 | 1 | @a满意容错控制@Aman yi rong cuo kong zhi@9man yi rong cuo kong zhi@b专著@f张登峰,王执铨,韩笑冬著@Fzhang den feng wang zhi quan han xiao dong zhu |
| 210 | @a北京@c科学出版社@d2014.03 | |
| 215 | @a239页@d24cm | |
| 312 | @a封面英文题名:Satisfactory fault-tolerant control | |
| 330 | @a本书以满足多种性能与约束需求为视角,借鉴多目标优化和满意控制等相关成果,提出了满意容错控制理念,详细阐述了容错控制思想和含义。全书主要有不确定系统、时滞系统、非线性系统和网络化控制系统的满意容错控制理论与控制器设计方法等内容。 | |
| 510 | 1 | @aSatisfactory fault-tolerant control@zeng |
| 540 | @a满意容错控制 | |
| 606 | 0 | @a容错技术 |
| 606 | 0 | @a容错技术@x研究 |
| 690 | @aTP302.8@v5 | |
| 701 | 0 | @a张登峰@Azhang den feng@4著 |
| 701 | 1 | @a王执铨,韩笑冬@Awang zhi quan , han xiao dong@4著 |
| 801 | @aCN | |
| 901 | @a001 | |
| 905 | @b1103314-6@dTP302.8@eZ091@f3@a241430 | |
| 满意容错控制/张登峰,王执铨,韩笑冬著.-北京:科学出版社,2014.03 |
| 239页;24cm |
| ISBN 978-7-03-039753-9:CNY79.00 |
| 本书以满足多种性能与约束需求为视角,借鉴多目标优化和满意控制等相关成果,提出了满意容错控制理念,详细阐述了容错控制思想和含义。全书主要有不确定系统、时滞系统、非线性系统和网络化控制系统的满意容错控制理论与控制器设计方法等内容。 |
| ● |
| 相关链接 |
|
|
|
正题名:满意容错控制
索取号:TP302.8/Z091
 
预约/预借
| 序号 | 登录号 | 条形码 | 馆藏地/架位号 | 状态 | 备注 |
| 1 | 1103314 | 211033148 | 自科库301/301自科库 75排1列4层/ [索取号:TP302.8/Z091] | 在馆 | |
| 2 | 1103315 | 211033157 | 自科库301/301自科库 75排1列4层/ [索取号:TP302.8/Z091] | 在馆 | |
| 3 | 1103316 | 211033166 | 自科二线404/404自科库 11排1列5层/ [索取号:TP302.8/Z091] | 在馆 |